000 00616nam a2200229Ia 4500
005 20250508170242.0
008 008 250505s9999 xx 000 0 eng d
020 _a978-1-5443-7393-5
037 _aReference
040 _aFEDL
_beng
_cFEDL
041 _aeng
_2eng
084 _a001.42, STR/RR
_qFEDL
100 _aStringer Ernest T
245 0 _aAction research
250 _a5
260 _aThousand Oaks, Calfornia
_bSage
_c2021
300 _axxvi, 382p.
365 _aUSD
_b65
700 _a Aragon Alfredo Ortiz
_9783623
942 _cREF
_h001.42, STR/RR
999 _c1400029
_d1400029